[Event "Russian Championship G19 2016"]
[Site "Loo"]
[Date "2016.04.28"]
[Round "9.10"]
[White "Nugamanova, Rozalia"]
[Black "Lingur, Zalina"]
[Result "0-1"]
[WhiteElo "1826"]
[BlackElo "2216"]
[PlyCount "54"]
[EventDate "2016.04.20"]

1. d4 Nf6 2. c4 e6 3. Nf3 c5 4. d5 exd5 5. cxd5 g6 6. Nc3 d6 7. e4 Bg7 8. Bd3
O-O 9. O-O Bg4 10. h3 Bxf3 11. Qxf3 Nbd7 12. Re1 Re8 13. Qd1 a6 14. a4 Qc7 15.
f4 c4 16. Bc2 b6 17. Rb1 b5 18. b4 cxb3 19. Rxb3 b4 20. Nb1 a5 21. Rbe3 Nb6 22.
Bd3 Rac8 23. Bb5 Rxe4 24. Bc6 Rxe3 25. Bxe3 Nbd7 26. Qb3 Nb8 27. Rc1 Qd8 {
далее запись неразбор~~ива} 0-1

[Event "Russian Championship G19 2016"]
[Site "Loo"]
[Date "2016.04.28"]
[Round "9.11"]
[White "Arutyunova, Asya"]
[Black "Zhivotovskaya, Asya"]
[Result "1-0"]
[WhiteElo "1941"]
[BlackElo "1951"]
[PlyCount "71"]
[EventDate "2016.04.20"]

1. Nf3 d5 2. c4 dxc4 3. Qa4+ Nd7 4. g3 a6 5. Qxc4 e6 6. Bg2 c5 7. O-O Ngf6 8.
d4 b5 9. Qc2 Bb7 10. Rd1 Rc8 11. Qd2 Be7 12. dxc5 Bxc5 13. Qe1 Qb6 14. Nc3 O-O
15. h3 Rfd8 16. Bd2 Bc6 17. a3 a5 18. g4 Ra8 19. g5 Nh5 20. Nh4 Ng3 21. b4 axb4
22. axb4 Rxa1 23. Rxa1 Bd4 24. e3 Bxc3 25. Bxc3 Bxg2 26. Nxg2 Ne4 27. Bd4 Qd6
28. h4 e5 29. Bb2 Nb6 30. Ra6 Nd2 31. Qe2 e4 32. Ne1 Qxb4 33. Rxb6 Qxb2 34.
Qxb5 Qc3 35. Rb8 Re8 36. Qxe8# 1-0

[Event "Russian Championship G19 2016"]
[Site "Loo"]
[Date "2016.04.28"]
[Round "9.13"]
[White "Shapar, Tatiana"]
[Black "Leontyeva, Anastasija"]
[Result "0-1"]
[WhiteElo "1932"]
[BlackElo "1823"]
[PlyCount "78"]
[EventDate "2016.04.20"]

1. e4 c5 2. Nf3 d6 3. d4 cxd4 4. Nxd4 Nf6 5. Nc3 e6 6. Bc4 Nc6 7. Be3 a6 8. Bb3
Be7 9. Qe2 Qc7 10. f3 Na5 11. g4 Nxb3 12. axb3 h6 13. h4 Bd7 14. Qg2 O-O-O 15.
Qf2 Bc6 16. Nxc6 Qxc6 17. O-O d5 18. exd5 Nxd5 19. Nxd5 Rxd5 20. Ra4 Kb8 21.
Rd4 Bf6 22. Rc4 Qd7 23. Qh2+ Be5 24. Bf4 Bxf4 25. Qxf4+ e5 26. Qg3 Re8 27. Re1
f6 28. f4 Ka8 29. Rce4 Rd4 30. c3 Rxe4 31. Rxe4 exf4 32. Rxe8+ Qxe8 33. Qxf4
Qe1+ 34. Kg2 Qxh4 35. Qd4 f5 36. gxf5 Qg5+ 37. Kh1 Qxf5 38. Qxg7 Qb1+ 39. Qg1
Qxg1+ 0-1

[Event "Russian Championship G19 2016"]
[Site "Loo"]
[Date "2016.04.28"]
[Round "9.14"]
[White "Resmyatova, Antonina"]
[Black "Baryshnikova, Natalija"]
[Result "1-0"]
[WhiteElo "2045"]
[BlackElo "1953"]
[PlyCount "103"]
[EventDate "2016.04.20"]

1. d4 Nf6 2. c4 e6 3. Nf3 Bb4+ 4. Nbd2 b6 5. a3 Be7 6. e4 Bb7 7. Bd3 d6 8. O-O
c5 9. d5 O-O 10. Qc2 e5 11. Ne1 Nh5 12. g3 g6 13. f4 exf4 14. gxf4 Bf6 15. Ndf3
Nd7 16. Ng2 Re8 17. Bd2 Bg7 18. Rae1 Qc7 19. Bc3 Rac8 20. Bxg7 Nxg7 21. Qc3 b5
22. b3 bxc4 23. bxc4 Nb6 24. Re2 Ba6 25. Rfe1 Qd7 26. e5 Qg4 27. Ng5 dxe5 28.
h3 Qd7 29. fxe5 Qe7 30. Ne4 Rf8 31. Nf6+ Kh8 32. Nf4 Qd8 33. Rf1 Nd7 34. Nxd7
Qxd7 35. Ref2 Kg8 36. Be2 Qe7 37. d6 Qg5+ 38. Rg2 Qd8 39. Nd5 Ne6 40. Ne7+ Kh8
41. Qf3 f5 42. Nxc8 Qxc8 43. Rb1 Qd7 44. Bf1 Re8 45. Rgb2 Nd4 46. Qd5 Nc6 47.
Bg2 Nxe5 48. Rb8 Bc8 49. R1b7 Qd8 50. Rc7 Qg5 51. Qxe5+ Rxe5 52. Rbxc8+ 1-0

[Event "Russian Championship G19 2016"]
[Site "Loo"]
[Date "2016.04.28"]
[Round "9.15"]
[White "Ochneva, Inga"]
[Black "Sayafarova, Anna"]
[Result "1/2-1/2"]
[WhiteElo "2042"]
[BlackElo "1947"]
[PlyCount "69"]
[EventDate "2016.04.20"]

1. f4 d5 2. g3 Nf6 3. Bg2 e6 4. d3 Be7 5. Nf3 O-O 6. O-O b6 7. Qe1 Bb7 8. h3 c5
9. Nbd2 Nc6 10. c3 Bd6 11. e4 dxe4 12. dxe4 e5 13. f5 Ba6 14. Rf2 c4 15. Kh2
Bc5 16. Re2 b5 17. Nf1 Nd7 18. Bg5 Qc7 19. Ne3 Bxe3 20. Bxe3 Na5 21. g4 Nb7 22.
g5 Nbc5 23. Bxc5 Nxc5 24. f6 g6 25. Qh4 Ne6 26. Nd2 Rfd8 27. Nf1 Qc5 28. Bf3
Nf4 29. Qf2 Qxf2+ 30. Rxf2 Bb7 31. Ne3 Nd3 32. Re2 Nf4 33. Rf2 Nd3 34. Re2 Nf4
35. Rf2 1/2-1/2

[Event "Russian Championship G19 2016"]
[Site "Loo"]
[Date "2016.04.28"]
[Round "9.16"]
[White "Yarisko, Arina"]
[Black "Khatmullina, Dilara"]
[Result "1-0"]
[WhiteElo "1863"]
[BlackElo "2049"]
[PlyCount "119"]
[EventDate "2016.04.20"]

1. d4 d6 2. g3 g6 3. Bg2 Bg7 4. c4 c5 5. e3 Nc6 6. dxc5 Qa5+ 7. Bd2 Qxc5 8. Bc3
Nf6 9. Nd2 O-O 10. Ngf3 Bf5 11. O-O Ng4 12. Bxg7 Kxg7 13. a3 a5 14. Qb3 a4 15.
Qc3+ Kg8 16. Nd4 Bd7 17. Ne4 Qa5 18. Rac1 Qxc3 19. Rxc3 Na5 20. Rd1 Rac8 21. c5
d5 22. c6 Bxc6 23. Nxc6 bxc6 24. Nc5 Nc4 25. Nxa4 Nge5 26. Bh3 Ra8 27. b3 Nf3+
28. Kg2 Nce5 29. Nb6 Ra7 30. Nd7 Nxd7 31. Bxd7 Ne5 32. Bh3 Rxa3 33. Rdc1 Rb8
34. f4 Ra2+ 35. R1c2 Rxc2+ 36. Rxc2 Nd3 37. Rxc6 Rxb3 38. Rc8+ Kg7 39. Rc7 Kf6
40. g4 h6 41. g5+ hxg5 42. fxg5+ Kxg5 43. Rxe7 f5 44. Kg1 Nc5 45. Bg2 Rb1+ 46.
Kf2 Nd3+ 47. Ke2 Rb2+ 48. Kf1 Rb5 49. Bf3 Nb4 50. Ke2 Nc6 51. Re6 Rc5 52. Kd3
Kh4 53. Bg2 Kg5 54. Bf3 Kh4 55. Bg2 Kg5 56. Bf3 Kh6 57. h4 Kg7 58. Bg2 Kf7 59.
Rxc6 Rxc6 60. Bxd5+ 1-0

[Event "Russian Championship G19 2016"]
[Site "Loo"]
[Date "2016.04.28"]
[Round "9.17"]
[White "Bocharova, Ulyana"]
[Black "Porozhnyak, Maya"]
[Result "1/2-1/2"]
[WhiteElo "1939"]
[BlackElo "2007"]
[PlyCount "88"]
[EventDate "2016.04.20"]

1. d4 Nf6 2. c4 e5 3. d5 Bc5 4. Nc3 d6 5. Nf3 Ng4 6. e3 f5 7. h3 Nf6 8. a3 a5
9. Na4 Na6 10. Bd2 c6 11. Nxc5 Nxc5 12. dxc6 bxc6 13. b4 Nce4 14. Be2 Nxd2 15.
Nxd2 O-O 16. O-O Be6 17. b5 cxb5 18. cxb5 a4 19. Rc1 e4 20. Rc6 Qd7 21. Nc4
Bxc4 22. Bxc4+ d5 23. Rxf6 gxf6 24. Bxd5+ Kg7 25. Bxa8 Qxd1 26. Rxd1 Rxa8 27.
Rd7+ Kg6 28. b6 Ra5 29. b7 Rb5 30. Kf1 Rb1+ 31. Ke2 Rb2+ 32. Kd1 h6 33. Kc1 Rb3
34. Kc2 Kg5 35. Rg7+ Kh4 36. Kd2 h5 37. Kc2 f4 38. exf4 f5 39. Kd2 e3+ 40. fxe3
Rd3+ 41. Ke2 Rxe3+ 42. Kf2 Re2+ 43. Kg1 Re1+ 44. Kf2 Re2+ 1/2-1/2

[Event "Russian Championship G19 2016"]
[Site "Loo"]
[Date "2016.04.28"]
[Round "9.18"]
[White "Polkhovskaya, Polina"]
[Black "Efimova, Anastasia"]
[Result "1/2-1/2"]
[WhiteElo "1822"]
[BlackElo "1832"]
[PlyCount "80"]
[EventDate "2016.04.20"]

1. b3 d5 2. Bb2 Bg4 3. g3 e6 4. Bg2 Nf6 5. Nf3 Nbd7 6. O-O Bd6 7. d3 O-O 8. c4
c6 9. Nc3 Qe7 10. Qc2 Ba3 11. Bxa3 Qxa3 12. e3 Qd6 13. d4 Bf5 14. Qb2 Bd3 15.
c5 Qe7 16. Rfd1 Bg6 17. b4 a6 18. a4 Ne4 19. Nxe4 Bxe4 20. b5 axb5 21. axb5
Rxa1 22. Rxa1 Qf6 23. Nd2 Bxg2 24. Kxg2 Nxc5 25. Qc2 Nd7 26. bxc6 bxc6 27. Qxc6
Qd8 28. Rb1 Nf6 29. Nb3 Qb8 30. Qc2 Rc8 31. Nc5 Qa8 32. Qb2 g6 33. Qb7 Qxb7 34.
Rxb7 Ra8 35. h3 Rc8 36. Ra7 Rb8 37. Rc7 Ra8 38. Rb7 Rc8 39. Ra7 Rb8 40. Rc7 Ra8
1/2-1/2

[Event "Russian Championship G19 2016"]
[Site "Loo"]
[Date "2016.04.28"]
[Round "9.19"]
[White "Alekseeva, Yulia"]
[Black "Kalinovskaya, Lyudmila"]
[Result "1-0"]
[WhiteElo "1858"]
[BlackElo "1618"]
[PlyCount "93"]
[EventDate "2016.04.20"]

1. e4 c6 2. d4 d5 3. e5 Bf5 4. Nf3 e6 5. Be2 c5 6. c3 Nc6 7. Be3 cxd4 8. Nxd4
Bg6 9. Qa4 Qc7 10. Nb5 Qd7 11. O-O a6 12. f4 Rc8 13. Na7 b5 14. Qxa6 Nxa7 15.
Qxa7 Qc6 16. Qb6 Qxb6 17. Bxb6 b4 18. Bb5+ Ke7 19. cxb4 f6 20. Bc5+ Kf7 21. Rc1
Nh6 22. Nd2 Bxc5+ 23. bxc5 fxe5 24. fxe5 Ng4 25. Nf3 Rhd8 26. h3 Ne3 27. Nd4
Be4 28. g4 Rc7 29. a4 Rdc8 30. b4 Rd8 31. Re1 Nc2 32. Nxc2 Bxc2 33. Re2 Be4 34.
Rd1 Bg6 35. Rf2+ Kg8 36. Rc1 h6 37. Ba6 d4 38. b5 Rb8 39. a5 d3 40. Rd2 Ra7 41.
c6 Rxa6 42. bxa6 Kf8 43. c7 Rc8 44. a7 Be4 45. Kf2 Ke7 46. Ke3 Bd5 47. Rxd3 1-0

[Event "Russian Championship B17 1st league 2016"]
[Site "Loo"]
[Date "2016.04.28"]
[Round "9.1"]
[White "Ofitserian, Boris"]
[Black "Navrodskiy, Boris"]
[Result "1/2-1/2"]
[WhiteElo "2313"]
[BlackElo "2091"]
[PlyCount "42"]
[EventDate "2016.04.20"]

1. d4 Nf6 2. c4 g6 3. Nf3 Bg7 4. g3 O-O 5. Bg2 d6 6. O-O Nc6 7. Nc3 Bf5 8. d5
Na5 9. Nd4 Bd7 10. b3 c5 11. dxc6 Nxc6 12. Bb2 Rc8 13. Rc1 a6 14. e3 Qb6 15.
Re1 Rfe8 16. Qd2 h5 17. Na4 Qc7 18. Nc3 Qb6 19. Na4 Qc7 20. Nc3 Qb6 21. Na4 Qc7
1/2-1/2

[Event "Russian Championship B17 1st league 2016"]
[Site "Loo"]
[Date "2016.04.28"]
[Round "9.2"]
[White "Spiridonov, Evgeny"]
[Black "Karpenko, Artem"]
[Result "1/2-1/2"]
[WhiteElo "2057"]
[BlackElo "2324"]
[PlyCount "104"]
[EventDate "2016.04.20"]

1. Nf3 Nf6 2. d4 e6 3. c4 b6 4. e3 Bb7 5. Nc3 Bb4 6. Bd3 Bxc3+ 7. bxc3 O-O 8.
O-O d6 9. Re1 Nbd7 10. e4 e5 11. Qc2 Re8 12. Bd2 Nf8 13. Nh4 Ne6 14. d5 Nc5 15.
Nf5 g6 16. Nh6+ Kg7 17. Bg5 Qd7 18. Qd2 Nh5 19. Bc2 f6 20. Be3 Ba6 21. g4 Nf4
22. Bxf4 exf4 23. Qxf4 Qe7 24. h4 Bxc4 25. g5 Bd3 26. gxf6+ Qxf6 27. Qxf6+ Kxf6
28. Ng4+ Kg7 29. Bxd3 Nxd3 30. Re3 Nf4 31. Rae1 Re7 32. Kh2 Rf8 33. Kg3 Nh5+
34. Kg2 Rf4 35. f3 Rf8 36. c4 a5 37. a4 Nf4+ 38. Kg3 h5 39. Nf2 g5 40. Rg1
gxh4+ 41. Kxh4+ Kf6 42. Nd3 Ng6+ 43. Kh3 Ne5 44. Nxe5 Kxe5 45. Rd3 Rh7 46. Rg6
Kf4 47. Kh2 Rff7 48. Rg8 Rhg7 49. Rh8 Rg5 50. Rh6 Re5 51. Rh8 Rg5 52. Rh6 Re5
1/2-1/2

[Event "Russian Championship B17 1st league 2016"]
[Site "Loo"]
[Date "2016.04.28"]
[Round "9.3"]
[White "Azimov, Ilyas"]
[Black "Smorchkov, Danil"]
[Result "0-1"]
[WhiteElo "2154"]
[BlackElo "2017"]
[PlyCount "54"]
[EventDate "2016.04.20"]

1. e4 c5 2. Nf3 d6 3. d4 cxd4 4. Nxd4 Nf6 5. Nc3 a6 6. Be2 e5 7. Nb3 Be7 8. Be3
O-O 9. g4 Be6 10. g5 Nfd7 11. h4 Nc6 12. Nd5 Nc5 13. f3 a5 14. a4 Nxb3 15. cxb3
Bxd5 16. exd5 Nb4 17. Bc4 Qd7 18. Bd2 Bd8 19. Bxb4 axb4 20. Qd2 Bb6 21. O-O-O
Rfc8 22. Qxb4 Ba5 23. Qb5 Qd8 24. Kb1 Rc5 25. Qxc5 dxc5 26. d6 Qd7 27. Rd5 Qf5+
0-1

[Event "Russian Championship B17 1st league 2016"]
[Site "Loo"]
[Date "2016.04.28"]
[Round "9.4"]
[White "Vasilenok, Anton"]
[Black "Petrenko, Kirill"]
[Result "1-0"]
[WhiteElo "2159"]
[BlackElo "2050"]
[PlyCount "85"]
[EventDate "2016.04.20"]

1. d4 Nf6 2. c4 e6 3. g3 c5 4. d5 exd5 5. cxd5 d6 6. Bg2 g6 7. Nc3 Bg7 8. Nf3
O-O 9. O-O Na6 10. Nd2 Nc7 11. a4 b6 12. Nc4 Ba6 13. Qb3 Bxc4 14. Qxc4 Rb8 15.
h3 a6 16. e4 b5 17. Qd3 Nd7 18. f4 c4 19. Qe2 Nc5 20. Be3 Nd3 21. Nd1 Qd7 22.
Qc2 Rfc8 23. Kh2 Ne8 24. Rb1 bxa4 25. Nc3 Rb3 26. Nd1 Qb7 27. Ra1 Nxb2 28. Nxb2
Bxb2 29. Ra2 a3 30. Bc1 Bxc1 31. Qxc1 Qb4 32. Rf3 c3 33. Rc2 Nf6 34. e5 Nxd5
35. Qa1 Qc5 36. Qe1 Nb4 37. Rc1 d5 38. e6 d4 39. exf7+ Kxf7 40. f5 gxf5 41. Qe4
Kg7 42. Rxf5 Qd6 43. Rcf1 1-0

[Event "Russian Championship B17 1st league 2016"]
[Site "Loo"]
[Date "2016.04.28"]
[Round "9.5"]
[White "Dmitriev, Maksim"]
[Black "Goltsev, Dmitry"]
[Result "0-1"]
[WhiteElo "1919"]
[BlackElo "2169"]
[PlyCount "60"]
[EventDate "2016.04.20"]

1. d4 Nf6 2. Nc3 d5 3. Bg5 Nbd7 4. Nf3 c6 5. Qd3 h6 6. Bd2 b5 7. a3 a5 8. e4
Ba6 9. Qe3 b4 10. axb4 Bxf1 11. Rxf1 axb4 12. Rxa8 Qxa8 13. Nd1 dxe4 14. Ne5 e6
15. Qb3 Nxe5 16. dxe5 Nd7 17. Bxb4 Bxb4+ 18. Qxb4 c5 19. Qb5 Ke7 20. f4 exf3
21. gxf3 Rb8 22. Qe2 Rb4 23. Kf2 Qd5 24. Re1 Rh4 25. Kg1 Rf4 26. Kf2 Nxe5 27.
Nc3 Qd4+ 28. Kg2 Nxf3 29. Rd1 Rg4+ 30. Kh1 Qg1+ 0-1

[Event "Russian Championship B17 1st league 2016"]
[Site "Loo"]
[Date "2016.04.28"]
[Round "9.6"]
[White "Tretyakov, Stepan"]
[Black "Levenshtein, Mark"]
[Result "1/2-1/2"]
[WhiteElo "1967"]
[BlackElo "2062"]
[PlyCount "77"]
[EventDate "2016.04.20"]

1. d4 Nf6 2. c4 g6 3. Nc3 d5 4. Bf4 Bg7 5. e3 O-O 6. cxd5 Nxd5 7. Nxd5 Qxd5 8.
Bxc7 Na6 9. Bxa6 bxa6 10. f3 Bf5 11. Bf4 Rad8 12. Qb3 Qa5+ 13. Qc3 Qb5 14. Qb3
Qa5+ 15. Qc3 Qb5 16. Qb3 Qd7 17. Ne2 e5 18. dxe5 Qd2+ 19. Kf2 Bd3 20. Rhe1 Rb8
21. Rad1 Qxe2+ 22. Rxe2 Bxe2 23. Kxe2 Rxb3 24. axb3 h6 25. Rd7 Rc8 26. Kd2 Bf8
27. Rxa7 g5 28. Bg3 Bb4+ 29. Kd3 a5 30. Rd7 Rc1 31. Ke4 Rc2 32. Kf5 Rxb2 33.
Rd3 Kg7 34. f4 Rxg2 35. fxg5 hxg5 36. Kxg5 Re2 37. Kf5 Be7 38. Bf4 Bc5 39. Kg4
{далее запись неразбор~~ива} 1/2-1/2

[Event "Russian Championship B17 1st league 2016"]
[Site "Loo"]
[Date "2016.04.28"]
[Round "9.7"]
[White "Gitelson, Arkady"]
[Black "Zabolotnov, Evgeny"]
[Result "0-1"]
[WhiteElo "2123"]
[BlackElo "2010"]
[PlyCount "82"]
[EventDate "2016.04.20"]

1. e4 c6 2. d4 d5 3. exd5 cxd5 4. c4 Nf6 5. Nc3 Nc6 6. Nf3 Bg4 7. cxd5 Nxd5 8.
Qb3 Bxf3 9. gxf3 e6 10. Qxb7 Nxd4 11. Bb5+ Nxb5 12. Qc6+ Ke7 13. Qxb5 Qd7 14.
Qxd7+ Kxd7 15. Nxd5 exd5 16. Be3 Bb4+ 17. Ke2 Rhc8 18. Rac1 Bd6 19. Bd4 g6 20.
h3 Bf4 21. Rxc8 Rxc8 22. Kd3 a6 23. Re1 Bd6 24. Re2 Rc1 25. Bf6 Rh1 26. h4 Rh3
27. Ke3 Ke6 28. Bd8 f6 29. Kd4+ Be5+ 30. Kc5 Rxh4 31. b3 Rf4 32. Ba5 Rxf3 33.
Kb6 d4 34. Kxa6 d3 35. Re1 Rxf2 36. b4 Rxa2 37. b5 Kd5 38. b6 Rxa5+ 39. Kxa5
Bc3+ 40. Ka6 Bxe1 41. b7 Bg3 0-1

[Event "Russian Championship B17 1st league 2016"]
[Site "Loo"]
[Date "2016.04.28"]
[Round "9.8"]
[White "Poltoratskiy, Aleksandr"]
[Black "Voinikonis, Nikita"]
[Result "1/2-1/2"]
[WhiteElo "1798"]
[BlackElo "2168"]
[PlyCount "61"]
[EventDate "2016.04.20"]

1. d4 Nf6 2. Nf3 g6 3. c4 Bg7 4. Nc3 O-O 5. e4 d6 6. Be2 e5 7. O-O exd4 8. Nxd4
Re8 9. f3 c6 10. Bg5 h6 11. Bh4 g5 12. Bf2 d5 13. cxd5 cxd5 14. exd5 Nxd5 15.
Nxd5 Qxd5 16. Nb5 Qxd1 17. Raxd1 Na6 18. Bc4 Be6 19. Bxe6 Rxe6 20. Rd2 Rae8 21.
Rfd1 Re2 22. Kf1 Rxd2 23. Rxd2 Rc8 24. Bxa7 Nb4 25. a3 Rc1+ 26. Ke2 Nc6 27. Be3
Rb1 28. Bd4 Nxd4+ 29. Nxd4 Bxd4 30. Rxd4 Rxb2+ 31. Rd2 1/2-1/2

[Event "Russian Championship B17 1st league 2016"]
[Site "Loo"]
[Date "2016.04.28"]
[Round "9.9"]
[White "Isagov, Nariman"]
[Black "Postnikov, Artem"]
[Result "1-0"]
[WhiteElo "2057"]
[BlackElo "2147"]
[PlyCount "99"]
[EventDate "2016.04.20"]

1. d4 f5 2. Nf3 Nf6 3. c4 g6 4. g3 Bg7 5. Bg2 O-O 6. O-O d6 7. Nc3 Qe8 8. e4
fxe4 9. Ng5 e5 10. d5 Bf5 11. Ncxe4 Nbd7 12. Qe2 h6 13. Nxf6+ Nxf6 14. Ne4 Nxe4
15. Bxe4 Qf7 16. Bd2 Rac8 17. Qe3 Bxe4 18. Qxe4 c6 19. Be3 cxd5 20. cxd5 Kh7
21. Bxa7 b5 22. Be3 Rc4 23. Qd3 Rfc8 24. Rad1 Qf3 25. Qb3 h5 26. Qxb5 h4 27.
Qd7 Rf8 28. Qh3 Bh6 29. Qg2 Qxg2+ 30. Kxg2 Bxe3 31. fxe3 Rc2+ 32. Kh3 Rff2 33.
Kxh4 Kh6 34. Rde1 Rxh2+ 35. Kg4 Rc4+ 36. e4 Rxb2 37. a4 Rb3 38. a5 Rcc3 39. Rg1
Ra3 40. Rb1 Kg7 41. Rb7+ Kg8 42. Kg5 Rxg3+ 43. Rxg3 Rxg3+ 44. Kf6 Ra3 45. Kxg6
Kf8 46. Kf6 Kg8 47. Ra7 Ra4 48. Kf5 Kf8 49. a6 Ke8 50. Ra8+ 1-0

[Event "Russian Championship B17 1st league 2016"]
[Site "Loo"]
[Date "2016.04.28"]
[Round "9.10"]
[White "Anchutin, Nikita"]
[Black "Nakonechny, Ignat"]
[Result "1/2-1/2"]
[WhiteElo "2142"]
[BlackElo "1857"]
[PlyCount "141"]
[EventDate "2016.04.20"]

1. d4 Nf6 2. Nf3 g6 3. c4 Bg7 4. g3 O-O 5. Bg2 d6 6. O-O Nbd7 7. Nc3 e5 8. e4
exd4 9. Nxd4 Re8 10. h3 Nc5 11. Re1 c6 12. Qc2 a5 13. Be3 a4 14. f4 Nh5 15. Kh2
f5 16. Rad1 fxe4 17. Nxc6 Qc7 18. Nb4 Be6 19. Nbd5 Qf7 20. Bxc5 dxc5 21. Nxe4
Bf5 22. Qd2 Bxe4 23. Bxe4 Kh8 24. Bg2 Bd4 25. Qc2 Rxe1 26. Rxe1 Re8 27. Rf1 Qf5
28. Qxf5 gxf5 29. Bf3 Nf6 30. Nxf6 Bxf6 31. Rf2 Bd4 32. Rd2 b6 33. Bc6 Re1 34.
Bxa4 Kg7 35. Bd7 Kf6 36. b3 h5 37. Bc6 Bg1+ 38. Kg2 Bd4 39. Bf3 Kg6 40. Re2 Ra1
41. Bc6 h4 42. Be8+ Kf6 43. gxh4 Rg1+ 44. Kh2 Rf1 45. Kg3 Rg1+ 46. Rg2 Rf1 47.
h5 Be3 48. Re2 Bxf4+ 49. Kg2 Rd1 50. Kf3 Bg5 51. Rg2 Rd3+ 52. Kf2 Rxh3 53. Bg6
Bh4+ 54. Ke2 Bg5 55. Rf2 f4 56. Rf3 Rh2+ 57. Rf2 Rh1 58. Kd3 Rh3+ 59. Ke4 Re3+
60. Kd5 Re5+ 61. Kc6 Re6+ 62. Kb5 Bh6 63. Rg2 Ke7 64. a3 Kd8 65. b4 cxb4 66.
axb4 Kd7 67. c5 bxc5 68. Kxc5 f3 69. Rc2 Rc6+ 70. Kd4 Rxc2 71. Bxc2 1/2-1/2

[Event "Russian Championship B17 1st league 2016"]
[Site "Loo"]
[Date "2016.04.28"]
[Round "9.11"]
[White "Ovsyanyuk, Dmitriy"]
[Black "Shkurkin, Andrey"]
[Result "1/2-1/2"]
[WhiteElo "1928"]
[BlackElo "2255"]
[PlyCount "54"]
[EventDate "2016.04.20"]

1. e4 c5 2. Nf3 g6 3. d4 cxd4 4. Nxd4 Bg7 5. c4 Nc6 6. Nc2 d6 7. Be2 Be6 8. O-O
Rc8 9. Ne3 Ne5 10. Na3 Nf6 11. f3 O-O 12. b3 Nh5 13. Nac2 Nf4 14. Rb1 Qb6 15.
Bb2 Nxc4 16. Bxc4 Bxc4 17. Bxg7 Bxf1 18. Bd4 Be2 19. Qd2 Qb5 20. Ng4 e5 21.
Qxf4 Rxc2 22. Nf6+ Kg7 23. Nh5+ gxh5 24. Qg5+ Kh8 25. Qf6+ Kg8 26. Qg5+ Kh8 27.
Qf6+ Kg8 1/2-1/2

[Event "Russian Championship B17 1st league 2016"]
[Site "Loo"]
[Date "2016.04.28"]
[Round "9.12"]
[White "Khmelev, Mikhail"]
[Black "Indzhiev, Aldar"]
[Result "1/2-1/2"]
[WhiteElo "1917"]
[BlackElo "2081"]
[PlyCount "81"]
[EventDate "2016.04.20"]

1. e4 d6 2. d4 Nf6 3. Nc3 c6 4. Nf3 Qb6 5. a4 Bg4 6. a5 Qc7 7. Bc4 e6 8. O-O d5
9. exd5 cxd5 10. Bb5+ Nbd7 11. h3 Bxf3 12. Qxf3 a6 13. Bd3 Bd6 14. Bd2 O-O 15.
Rfe1 Rfc8 16. b4 b5 17. axb6 Nxb6 18. Bxa6 Rxa6 19. Rxa6 Nc4 20. Bg5 Bxb4 21.
Bxf6 gxf6 22. Rb1 Nd2 23. Qg4+ Kh8 24. Rxb4 Qxc3 25. Rba4 Qxc2 26. Ra1 f5 27.
Qe2 Nb3 28. Qe5+ Kg8 29. Re1 Qc4 30. Ra3 Qb4 31. Rxb3 Qxb3 32. Re3 Rc1+ 33. Kh2
Qb6 34. Ra3 Kf8 35. Qh8+ Ke7 36. Ra8 Qc7+ 37. g3 Rc2 38. Qf8+ Kf6 39. Qh6+ Ke7
40. Qf8+ Kf6 41. Qh6+ 1/2-1/2

[Event "Russian Championship B17 1st league 2016"]
[Site "Loo"]
[Date "2016.04.28"]
[Round "9.13"]
[White "Shastitko, Danil"]
[Black "Shcherbashin, Victor"]
[Result "1-0"]
[WhiteElo "1809"]
[BlackElo "2057"]
[PlyCount "53"]
[EventDate "2016.04.20"]

1. e4 c5 2. a3 e6 3. b4 cxb4 4. axb4 Bxb4 5. Bb2 Nf6 6. e5 Nd5 7. c4 Nc7 8. Ra3
Nc6 9. Rg3 g6 10. Nf3 b6 11. Nc3 Rg8 12. Ne4 Be7 13. Nfg5 h6 14. Nh7 Rg7 15.
Nef6+ Bxf6 16. Nxf6+ Kf8 17. Ba3+ Ne7 18. Rh3 Rg8 19. Rxh6 Bb7 20. Qg4 Ne8 21.
Nxg8 d6 22. Nxe7 Kxe7 23. Rh7 Kd7 24. Rxf7+ Kc6 25. Qf3+ d5 26. cxd5+ Qxd5 27.
Qc3+ 1-0

[Event "Russian Championship B17 1st league 2016"]
[Site "Loo"]
[Date "2016.04.28"]
[Round "9.14"]
[White "Kolmagorov, Alexey"]
[Black "Maximov, Kirill"]
[Result "1-0"]
[WhiteElo "2037"]
[BlackElo "1844"]
[PlyCount "109"]
[EventDate "2016.04.20"]

1. Nf3 Nf6 2. c4 e6 3. g3 d5 4. d4 Bb4+ 5. Bd2 Bxd2+ 6. Nbxd2 O-O 7. Bg2 b6 8.
O-O Bb7 9. cxd5 exd5 10. Rc1 Nbd7 11. b4 Rc8 12. Qb3 Qe7 13. Rfe1 Ne4 14. Nf1
Ndf6 15. Bh3 Rb8 16. Ne3 g6 17. b5 Qd6 18. Ne5 Ng5 19. Bg2 Ne6 20. Qb2 Rbc8 21.
Nc6 a6 22. Bxd5 Nxd5 23. Nxd5 Bxc6 24. Nf6+ Kg7 25. d5 Nd4 26. Qxd4 Qxf6 27.
Qxf6+ Kxf6 28. bxc6 Ke5 29. e4 Kd6 30. Rcd1 Rce8 31. f4 f6 32. Kf2 g5 33. Ke3
gxf4+ 34. gxf4 Rg8 35. Rd2 Rxe4+ 36. Kxe4 Re8+ 37. Kf5 Rxe1 38. Kxf6 Rf1 39.
Kf5 b5 40. Kg5 b4 41. h4 a5 42. h5 Rf3 43. Kg4 Rf1 44. Kf5 Rf3 45. h6 Rg3 46.
Kf6 Rg6+ 47. Kf7 Rxh6 48. f5 Rh3 49. Rf2 Kxd5 50. f6 b3 51. axb3 Rxb3 52. Ke7
Kxc6 53. f7 Rb8 54. Rc2+ Kd5 55. Rxc7 1-0

[Event "Russian Championship B17 1st league 2016"]
[Site "Loo"]
[Date "2016.04.28"]
[Round "9.15"]
[White "Valov, Eugeny"]
[Black "Kravchenko, Daniil"]
[Result "0-1"]
[WhiteElo "1970"]
[BlackElo "1876"]
[PlyCount "100"]
[EventDate "2016.04.20"]

1. e4 c5 2. Nf3 Nc6 3. d4 cxd4 4. Nxd4 e5 5. Nb5 a6 6. Nd6+ Bxd6 7. Qxd6 Qf6 8.
Qd1 Qg6 9. Nc3 Nf6 10. f3 b5 11. Be3 O-O 12. Qd2 Bb7 13. g4 d5 14. Nxd5 Nxd5
15. exd5 Nd4 16. Bxd4 exd4 17. Bd3 Rfe8+ 18. Kf2 Qf6 19. g5 Qd6 20. Be4 Bxd5
21. Qxd4 Rxe4 22. fxe4 Qf4+ 23. Kg1 Bxe4 24. Rf1 Qxg5+ 25. Kf2 Bxh1 26. Rxh1
Qf5+ 27. Kg3 Qxc2 28. Rd1 Qc7+ 29. Kg2 Re8 30. Qd7 Qxd7 31. Rxd7 g6 32. Kf2 Rc8
33. Rd2 Kg7 34. h3 a5 35. Kf3 Rc5 36. a3 b4 37. axb4 axb4 38. Rd4 Rb5 39. b3 h5
40. h4 Kh6 41. Kf4 g5+ 42. hxg5+ Rxg5 43. Rd8 Rg4+ 44. Kf5 Rg3 45. Rh8+ Kg7 46.
Rxh5 Rxb3 47. Rg5+ Kf8 48. Rg4 Rb1 49. Rc4 b3 50. Kf6 Rf1+ 0-1

[Event "Russian Championship B17 1st league 2016"]
[Site "Loo"]
[Date "2016.04.28"]
[Round "9.16"]
[White "Zakharov, Nikolay A"]
[Black "Sokolov, Ilia"]
[Result "1-0"]
[WhiteElo "1942"]
[BlackElo "1764"]
[PlyCount "127"]
[EventDate "2016.04.20"]

1. e4 e6 2. d4 d5 3. e5 c5 4. c3 Qb6 5. Nf3 Nc6 6. a3 Nh6 7. b4 cxd4 8. Bxh6
gxh6 9. cxd4 Bd7 10. Ra2 Ne7 11. Nc3 Ng6 12. Qd2 a5 13. b5 a4 14. Bd3 Qa5 15.
g3 Rc8 16. Ne2 Qxd2+ 17. Kxd2 Be7 18. Nc3 f6 19. exf6 Bxf6 20. Nxa4 Ra8 21. Nb6
Ra5 22. a4 Bd8 23. Nxd7 Kxd7 24. Bxg6 hxg6 25. Ne5+ Ke8 26. Nxg6 Rg8 27. Ne5
Bb6 28. Kd3 Ke7 29. f4 Rga8 30. Rha1 Rc8 31. g4 Rg8 32. h4 Bc7 33. g5 hxg5 34.
fxg5 Bxe5 35. dxe5 Rf8 36. Rh2 Rf3+ 37. Kd4 b6 38. Rc2 Rh3 39. Rc7+ Kf8 40. Rc6
Rxa4+ 41. Rxa4 Rxh4+ 42. Kd3 Rxa4 43. Rxb6 Kf7 44. Rb8 Rb4 45. b6 Kg6 46. b7
Kg7 47. g6 Rb3+ 48. Kd4 Rb5 49. Re8 Rxb7 50. Rxe6 Rb1 51. Kxd5 Rd1+ 52. Kc6 Rd2
53. Rd6 Re2 54. Kd5 Re1 55. Rf6 Rd1+ 56. Ke6 Re1 57. Rf2 Re3 58. Rg2 Re1 59.
Kd6 Rd1+ 60. Ke7 Re1 61. e6 Re3 62. Rd2 Kxg6 63. Rg2+ Kf5 64. Kf7 1-0